000 01685nam a2200457 a 4500
001 000003172
003 DO-SdBNP
005 20251121114825.0
007 ta
008 090707s2003 dr er 001 0 spa d
020 _a9993461857
040 _aDO-SdBNP
_bspa
_cBNPHU
082 _222
_a460.141
_bM433h
100 1 0 _aMatos Moquete, Manuel,
_d1944-
100 z _a Moquete, Manuel Matos,
_d1944-
245 1 3 _aEl habla coloquial de Hipólito Mejía :
_bestudio de un idiolecto /
_cManuel Matos Moquete.
260 _aSanto Domingo :
_bINTEC,
_c2003.
300 _a246 p. ;
_c23 cm.
500 _aIncluye datos biográficos del autor.
504 _aIncluye notas y referencias bibliográficas al pie de las páginas.
504 _aBibliográfía : p. 245-246
590 _aInventariado, 2018 / BT
600 1 0 _aMejía, Hipólito,
_d1941-
_x Citas, máximas, etc.
600 1 4 _aMejía, Hipólito,
_d1941-
_xOratoria
600 1 4 _aMejía, Hipólito,
_d1941-
_xLenguaje
600 z _aMejía Domínguez, Hipólito,
_d1941-
600 z _aMejía D., R. Hipólito‏ ‎
_d 1941-
_q (Rafael Hipólito Mejía Domínguez),‏
650 4 _aEspañol
_xSemántica
650 4 _aEspañol
_xProvincialismos
_zRepública Dominicana
650 4 _aLingüística
_xInvestigaciones
650 4 _aAnálisis del discurso
650 4 _aOratoria política
650 4 _aComunicación política
650 4 _aPresidentes
_zRepública Dominicana
_xLenguaje
710 2 _aInstituto Tecnológico de Santo Domingo
710 z _aINTEC
710 z _aI.N.T.E.C.
710 z _aInstituto Tecnológico Santo Domingo
910 _aValidado. Control de calidad MMOLINA
942 _2ddc
_cLBS1
999 _c15537
_d15537